000 00256cam a22000977a 4500
008 180718b1961 xxu||||| |||| 00| 0 eng d
082 _aL900x5412
245 _aThe West Bengal audit manual
260 _aDelhi
_bGovt. Of India Press
_c1961
300 _a2v,210+p.
999 _c500673
_d500673